Marketing v regionech. 1

Príspevky predstaviteľov kolektívnych členov Českej marketingovej společnosti z moravskosliezskeho a juhočeského regiónu. Špecifické podmienky a prístupy k marketingu v podnikoch a organizáciách patriacich do rozličných hospodárskych odvetví.

Guardado en:
Detalles Bibliográficos
Formato: Capítulo de libro
Lenguaje:checo
Materias:
Etiquetas: Agregar Etiqueta
Sin Etiquetas, Sea el primero en etiquetar este registro!

MARC

LEADER 00000naa a2200000 4500
001 r018321
005 20221208130856.7
041 0 |a cze 
044 |a CZ 
245 1 0 |a Marketing v regionech. 1 
520 |a Príspevky predstaviteľov kolektívnych členov Českej marketingovej společnosti z moravskosliezskeho a juhočeského regiónu. Špecifické podmienky a prístupy k marketingu v podnikoch a organizáciách patriacich do rozličných hospodárskych odvetví. 
610 2 0 |a Česko 
610 2 0 |a marketing 
610 2 0 |a Česká marketingová společnost 
610 2 0 |a ČSM 
610 2 0 |a regióny 
610 2 0 |a Ostrava 
610 2 0 |a Olomouc 
610 2 0 |a Tábor 
610 2 0 |a odvetvia činnosti ekonomickej 
610 2 0 |a marketing regionálny